000 00334nam a2200121Ia 4500
008 231129s1971||||xx |||||||||||||| ||spa||
040 _bspa
082 _a371.3078 T255
245 0 _aTecnicas para elaborar material grafico en la escuela
260 _c1971
264 _aPax-Mexico-Centro Regional de Ayuda Tecnica
942 _2ddc
_cBKS
999 _c25097
_d25097